Elementos de oratoria sagrada escritos con arreglo de los maestros más autorizados y dispuestos, para servir como libro de enseñanza... /

Na minha lista:
Detalhes bibliográficos
Autor principal: Fort, Carlos Ramón (autor)
Formato: Livro
Idioma:espanhol
Publicado em: Madrid, España : Imprenta de D. José C. de la Peña, 1847
Edição:2a edición
Assuntos:
Tags: Adicionar Tag
Sem tags, seja o primeiro a adicionar uma tag!

MARC

LEADER 00000nam^a2200000^a^4500
001 000410785
005 20250526000000.0
009 20260310122056.007
037 |a Acervo Xavier Clavigero 
041 |a ESP 
082 |a 251.  |b FOR 
100 |a Fort, Carlos Ramón  |e (autor) 
245 1 0 |a Elementos de oratoria sagrada escritos con arreglo de los maestros más autorizados y dispuestos, para servir como libro de enseñanza... /  |c C.R. Fort. 
250 |a 2a edición  |b corregida 
264 1 |a Madrid, España :  |b Imprenta de D. José C. de la Peña,  |c 1847 
300 |a 118 p. ;  |c 16.0 cm. 
336 |a texto  |b txt  |2 rdacontenido 
337 |a sin mediación  |b n  |2 rdamedio 
338 |a volumen  |b nc  |2 rdasoporte 
649 |a XX 
650 |a Iglesia y Educación 
650 |a Iglesia Católica 
650 |a Predicación -  |x Tema Principal 
650 |a Oratoria -  |x Tema Principal 
650 |a Retórica 
650 |a Comunicación (Teología) 
650 |a Comunicación Verbal 
650 |a Religión y Comunicación 
650 |a Teología Práctica 
650 |a Cristianismo 
650 |a Catolicismo 
650 |a Religión 
910 |a Fondo General 
920 |a Impresos - Libros 
930 |a Libros Antiguos y Raros 
905 |a 108 
901 |a 0500320066  |b IT2  |c LRA  |u 20250526 
902 |a https://opac.biblio.iteso.mx/vufind/Record/000410785